Edexcel History 7. Prosperity and Social Change - Statistics

General Stats
  • This quiz has been taken 26 times
  • The average score is 13 of 20
Answer Stats
Question or Term Answer % Correct
The percentage of the Berlin population that lived five or six to a room in 1912 30%
100%
That which 38% of the population was directly affected by during the Great Depression Unemployment
100%
That class the demands of which many blamed the economic difficulties after 1923 on Working Class
100%
That which reparations were set at in 1921, though only a fraction of this was paid 132 billion marks
0%
That which was caused by the payment of war reparations by France 1871 - 1873 Boom
0%
The years in which the German Empire experienced an economic slump 1873 - 1890
0%
That caused by over investment via the influx of capital from France via reparations, and the overheating of the economy having allowed many otherwise unsustainable and unprofitable businesses to survive 1873 Depression
0%
The year in which Kaisers Wilhelm I and Frederick III died, with Wilhelm II succeeding 1888
0%
The decade in which wages and living standards started to improve 1890's
0%
The year in which German women were given the vote 1918
0%
The years in which the French and Belgians occupied the Ruhr 1923 and 1925
0%
The year in which German agriculture went into crisis due to a worldwide slump in food prices 1928
0%
The only year in which Nazi Germany saw real wage increases 1938
0%
The percentage of total German investment that was put into its railways between 1850 and 1873 25%
0%
The percentage of workers employed in enterprises of no more than five employees in 1907 compared to 41.8% in 1882 31.2%
0%
The average percentage five yearly growth rate of German railways from 1850 to 1880 35%
0%
The percentage of the workforce that was comprised of women in 1980 compared to 37% in Weimar Germany 39%
0%
The percentage by which GNP had increased by 1936 against a reduction in unemployment to under 2 million and a 60% increase in industrial production 40%
0%
The percentage of people that worked in industry by 1902 42%
0%
The percentage of electronic goods consumed worldwide by 1913 produced by AEG and Siemens 50%
0%
The percentage of representatives in the Weimar Republic that were women 7 - 10%
0%
The percentage of iron ore resources, coal resources, and arable land respectively, Germany lost after the First World War 75%, 25%, and 15%
0%
The percentage of a working class family's income that was spent on food, rent, heating, and clothing in 1870 85%
0%
A group formed in 1893 by Junkers to protect agriculture from foreign competition, somewhat successful in the north but not in the south where peasants established their own groups Agrarian League
0%
The popularly held belief that rural life and paternalistic relationships of the land were a desirable and effective counter to the degeneracy of the cities Agrarian Myth
0%
The industry in which most women worked in the 1920's Agriculture
0%
That industry which comprised 49% of the workforce in 49%, 35% in 1907, and only 2% in 1989 Agriculture
0%
That industry the profitability of which was much harmed in the 1870's and 1880's by rural depopulation due to industrialisation and increased competition from cheap grain imports, allowed by free trade Agriculture
0%
That which, in Weimar Germany, suffered due to a fall in food prices due to global overproduction, causing very low real wage growth for farmers, rural rioting (farmer's revenge), and a move by farmers towards extremist parties such as the Nazi's Agriculture
0%
That industry which either grew slowly or declined from 1873 onward depending on the year Agriculture
0%
That industry which declined from the 1950's onward due to mechanisation and competition from the service sector, somewhat arrested by tariffs on imports imposed in the 1950's Agriculture
0%
Those two areas in which average wages were 682 marks and 1163 marks respectively in 1913 Agriculture and Industry
0%
Bismarck-era laws beginning in 1878 that suppressed socialist newspapers, outlawed trade unions, and imprisoned hundreds Anti-Socialist Laws
0%
Those two groups which were unable to find masters or guilds to work under causing them to turn to industry or a free trade (trade outside of a guild), in alphabetical order Apprentices and Journeymen
0%
That group which tried to regain its position in Weimar Germany through 64% of guilds making membership compulsory, though only 56% of these individuals being members of such guilds Artisans
0%
Those that Nazi Germany tried to protect by taxing department stores, limiting the growth of chain stores, and requiring - in the early years - government departments to use such individuals for government contracts Artisans
0%
That group which declined in number, with many going bankrupt, being unable to compete with larger industries and department stores in the face of Nazi price controls and four year plans Artisans
0%
The group which was protected only superficially by Nazi Germany in favour of increasing industrial production Artisans
0%
Those two social groups whom lost significance in the 19th and 20th centuries in alphabetical order Artisans and Junkers
0%
Those two unsuccessfully attempted acts against the Kaiser that saw a swing to the conservatives in the 1878 elections Assassination
0%
Economic self sufficiency, which was the focus of the second four year plan, achieved by developing synthetic raw materials, increasing agricultural production, and retraining industrial workers Autarky
0%
A part of the Hindenburg Programme which imposed military service on all able-bodied men and curtailed the freedom to move jobs Auxiliary Service Law
0%
That which in the German Empire was largely centralised as it was necessary in order to support the large industries present, often collaborating with them in a cartel arrangement as with Deutsche Bank and Siemens & Halske Banking
0%
That system which after the Second World War became independent of government, setting its own interest rates Banking System
0%
The West German Constitution that came into effect in 1949, which restored pension and employment rights universally, legalised associations, and sought to improve economic and working conditions Basic Law
0%
Those three areas within Germany which saw the greatest impact from industrialisation in alphabetical order Berlin, Central Germany, and the Ruhr
0%
The quasi-state formed in 1947 by the merger of the American and British occupation zones Bizonia
0%
A middle class, women-only feminist organisation seeking to advance women's rights, founded in 1894 and dissolved in 1933 rather than face Nazification Bund Deutscher Frauvereine (BDF)
0%
That metaphor that best described Bismarck's approach to the SPD and working class in the form of state socialism and anti-socialist laws Carrot and Stick
0%
Those two processes which helped to grow German industry from 1873, alphabetically Cartelisation and Conglomerate Integration
0%
An organisation formed in 1916 to organise imports from neutral countries Central Purchasing Company
0%
Those three things that production of increased by 6.6%, 8.3%, and 18% respectively, each year during the Second Industrial Revolution Chemicals, Metallurgy and Machinery, and Electricity
0%
That third trade union movement to have formed by the 1890's alongside the Hirsch-Dunker unions and Free Trade Unions, with a membership of 343,000 by 1913 Christian Unions
0%
That which galvanised the women's movement to seek female suffrage Civil Code
0%
That legislation which was changed in the 1970's and 1980's to equalise men and women, though little changed regarding work Civil Code
0%
A set of laws relating to property and family, etc., becoming active in 1900 that did practically nothing to improve the circumstances of women, instead enshrining marital inequalities into law Civil Code
0%
A socialist, feminist, and member of the KPD (communist party) who rejected the BDF as well as ideas of women being at all biologically distinct from men, leaving Germany on the ascension of the Nazi's to power Clara Zetkin (1857 - 1933)
0%
A 1950's West German policy of giving workers the right to participate in the management of industry within the framework of a capitalist market economy Co-Determination
0%
Those treaties, the political effects of which were that the conservatives and Junkers, opposed to decreased in food tariffs became a mostly agrarian interest group, forming the Agrarian League in 1893 Commercial Treaties
0%
The 1891 - 1894 treaties initiated by Caprivi that guaranteed foreign markets for German exports in exchange for reducing tariffs on cattle, timber, and wheat from those countries (Russia, Austria-Hungary, Italy, etc.) Commercial Treaties
0%
A policy introduced in 1962 to reduce competition within the EEC through the principles of free circulation of agricultural goods, common prices on agricultural goods, and a stable exchange rate Common Agricultural Policy
0%
That the short term affects of which were an initial drop in food prices, though in the long term high subsidies mandated by the policy led to guaranteed high prices for farmers and thus to allocative inefficiency Common Agricultural Policy
0%
That ideology which was seen to be reflected in the agrarian parts of the German Empire Conservatism
0%
That ideology to which most masters turned, against a background of declining influence, relevance, and representation, seeking to restore themselves to their pre-industrial position Conservatism
0%
That Junker based group in the Reichstag which tried to ensure continued majorities over the SDP by allying with the upper-middle class and industrial elite 'National Liberals' Conservatives
0%
That industry which alongside the motor industry most benefited from the first four year plan Construction
0%
Those medical methods or devices which were restricted in Nazi Germany Contraceptives
0%
A 1924 America led easing of short term reparations payments which helped economic recovery such that GNP reached pre First World War levels by 1927 Dawes Plan
0%
That which happened to unemployment levels in Nazi Germany Decreased
0%
That which helped Germany recover more quickly than any other country affected by the Great Depression Deficit Financing
0%
Government funding of spending commitments via borrowing Deficit Financing
0%
A kind of Nazi trade union of which membership was virtually compulsory, and striking and collective bargaining abolished Deutsche Arbeitsfront (DAF)
0%
The German currency introduced under Erhard in 1948 to replace the Reichsmark, distribution of which to banks created stimulus and liquidity for investment Deutschmark
0%
The trend in the number of strikes during the Weimar Republic Downwards
0%
The trend in women's political engagement and support for radical representatives in Weimar Germany Downwards
0%
The burden of working class women to work to supplement their husband's income while also keeping the home Dual Burden
0%
An economic policy implemented by Hjalmar Schacht, which protected the economy through centralised control and state interventionism Economic Nationalism
0%
That, the recovery of which was aided from 1945 until the 1947 Marshall Plan by the fact that much industry could be repaired, there was a highly skilled workforce, and many businesses could return to serving civilian needs quite easily Economy
0%
That sector in which Germany was world leading by the 1880's to 1890's particularly technologically and in research at universities Education
0%
That which increasing numbers of women found necessary in Weimar Germany as many were single or widowed due to the loss of men during the war, necessitating they support their dependents Employment
0%
The 1891 platform of the SDP based on establishing socialism through legal means in preparation for the 'inevitable revolution' Erfurt Program
0%
A common market formed in 1957 from the European Coal and Steel Community, which helped reintegrate the West German economy, and provided German exports a bigger market European Economic Community
0%
That by which the imperial German economy was led, which helped make the First World War and blockades all the more deleterious to its condition Exports
0%
Those two things which were fed by cheap labour from urbanisation and population growth, investment from banks, plentiful natural resources, commercial treaties with foreign countries, and large state subsidies First and Second Industrial Revolutions
0%
The 1933 - 1936 four year plan focussed on reducing unemployment through government intervention, state investment, and reduced foreign dependency First Four Year Plan
0%
The wave of industrialisation beginning in the 1850's focused on heavy industry and the railways First Industrial Revolution
0%
That event, the outbreak of which, saw unity amongst all classes and parties with the one another and the state First World War
0%
That which the government financed through war bonds which lost much value through inflation and were not honoured after defeat, badly hitting small businesses and white collar workers First World War
0%
Those, the shortfalls in by 1939 were that they had yet to achieve self sufficiency, still had to increase investment in consumer industries, and remained unable to increase agricultural efficiency Four Year Plans
0%
That which many industrial workers responded to through passive resistance, resulting in a collapse of industrial output more damaging than the reparations payments themselves Franco-Belgian Occupation of the Ruhr
0%
One of the three trade union movements that had formed by the 1890's, being socialist in inspiration, with a membership of 2,500,000 by 1913 Free Trade Unions
0%
That the effect of which was that it increased social mobility for German workers Gastarbeiter
0%
Foreign workers employed in West Germany via agreements with other countries such as Italy, Spain, Greece, and Turkey Gastarbeiter
0%
A national body formed in 1882 from an earlier 1873 body to help protect artisans and the guild system with some success General League of German Artisans
0%
A 1918-1919 event which saw the end of the German Empire, the defeat of communist forces, and the establishment of the Weimar Republic German Revolution
0%
That which posed a challenge to the Junkers as it resulted in them coming into opposition from all the non-Prussian German states German Unification
0%
An association of West German women's associations supported by conservatives and most of the SPD that promoted traditional Christian societal values and roles, in opposition to eastern communism, though women were given legal equality German Women's Ring
0%
The 1959 platform of the SDP that abandoned nationalisation in favour of a capitalist framework Godesberg Program
0%
The years 1924 to 1929 in which the economy grew well though unemployment remained high, the economy remained too dependent on foreign loans, and high welfare costs and employer's insurance contributions reduced investment Golden Years
0%
The 1875 platform of the SDP based on achieving socialism through Parliamentary means Gotha Program
0%
The collective name for eight universal banks in Germany which together controlled nearly half of the total assets of all German joint-stock banks by 1913, the five largest of which were; the Reichsbank (founded 1873), Deutsche Bank (founded 1870), Dresdner Bank (founded 1872), Disconto-Gesellschaft (founded 1851), and Darmstädter Bank (founded 1853) Great Banks
0%
The move to protectionism and resulting alignment of the conservatives with Bismarck in the years 1878 - 1879 Great Change
0%
That which was made so severe in Germany as its economy had been heavily reliant on American investment since the implementation of the Dawes Plan, said investment falling from $1bn to $200m over the course of 1929 Great Depression
0%
The period of economic growth from the onset of the industrial revolution until the Panic of 1873 Gründerzeit
0%
An association of artisans or merchants which controls the practice of its craft or trade in a particular town or city Guild
0%
A skilled craftsman whom may train apprentices and employ journeymen in his own business Guilded Master
0%
Those which Nazi Germany superficially helped by requiring owners of artisan businesses be members of such organisations, while requiring all artisans to also pass the Masters Examination in his craft Guilds
0%
Chancellor of Germany for a few months in 1923 who introduced and stabilised the new currency, reduced expenditure, defeated extremists in Bavaria and Saxony, and reached rapprochement with France over reparations Gustav Stresemann (1878 - 1923)
0%
A legal category Germany after the Second World War defining what constituted a skilled craft-worker Handwerk
0%
The 1916 economic and armaments programme of Paul von Hindenburg and the German High Command which intensified state control over those areas Hindenburg Programme
0%
One of the three trade union movements that had formed by the 1890's, associated with liberal parties, with a membership of 107,000 by 1913 Hirsch-Duncker Unions
0%
President of the Reichsbank from 1933 to 1939 and Minister of Economics from 1934 - 1937, who devised the 'New Plan' centred on economic nationalism Hjalmar Schacht
0%
The period from 1923 - 1924 in which excessive printing of money saw the mark fall from 20 marks to the pound in 1918 to 20 billion marks to the pound in 1923 resulting in families and businesses going bankrupt Hyperinflation
0%
That which was best weathered by those able to pay off debt, exploit demand (craftsmen, industrialists, farmers, etc.) and who held wealth such as in property or land Hyperinflation
0%
Those foreign goods which made it difficult for artisans to prosper Imports
0%
Those two processes that saw a third of Germans living in towns and cities in 1871, up to two thirds by 1914, in alphabetical order Industrialisation and Urbanisation
0%
That group which most benefited in Nazi Germany, largely as a result of rearmament Industrialists
0%
Those two groups whom together comprised the German lower class after 1860 in alphabetical order Industrial Workers and Peasants
0%
That, the destruction of which after the Second World War, was beneficial in that it allowed for new more efficient factories to be established Industry
0%
That which Nazi Germany responded to the threat of - caused by labour and consumer goods shortages - by fixing wage levels etc. Inflation
0%
That, the destruction of which most hampered immediate economic growth after the Second World War Infrastructure
0%
The month and year in which a mass strike occurred across Germany to which the government responded brutally, and many male strikers were sent to the front, thereby inadvertently spreading socialist ideas and instability January 1918
0%
A person trained in a skilled craft who works under a master Journeyman
0%
That group which comprised the German upper class prior to 1945 Junkers
0%
That group which retained considerable power in Weimar Germany by agreeing under General Groener to support the republic militarily in exchange for retaining its authority, though the change in the voting system reduced them significantly in the Reichstag Junkers
0%
That group which were mostly replaced by party insiders and industrialists in Nazi Germany, causing many of them to turn against the regime Junkers
0%
That class which disappeared after the Second World War as their source of wealth located mostly in the east was nationalised and collectivised by the Soviet backed regimes Junkers
0%
The three K's on which 19th century German women were to centre their pursuits, in alphabetical order, meaning children, kitchen, and church Kinder, Küche, and Kirche
0%
The German Chancellor from 1949 to 1963 who saw West Germany internationalise (join the IMF, etc.) and integrate economically with Western Europe Konrad Adenauer
0%
That post Second World War conflict that helped to increase international - particularly US and British - demand for German industrial goods Korean War
0%
A 1933 law that gave married couples a loan of nine months average income, a quarter of which would be cleared for each child born up to 100% at four children Law for the Encouragement of Marriage
0%
A 1933 law that restricted the rights of women to work, especially professionally, and gave preference to men where applicants were equally qualified Law for the Reduction of Unemployment
0%
That wing of the Nazi party that Hitler ignored so as to retain the crucial cooperation of business and industry in the first Four Year Plan Left
0%
He who introduced the commercial treaties so as to reduce food prices during the bad harvests of 1890 to 1891, achieve self sufficiency, and reverse the effect of the shrinking overseas market for industrial goods Leo von Caprivi
0%
Chancellor of Germany from 1890 to 1894 and successor to Bismarck whom moved away from protectionism in favour of commercial treaties Leo von Caprivi (1831 - 1899)
0%
The class from which most German white-collar workers originated Lower Middle Class
0%
The German Economics Minister from 1949 to 1963 who helped create a social market economy, used deregulation, privatisation, and state investment aid to business and industry to achieve very high GNP growth in the 1940's and 1950's Ludwig Erhard
0%
That personal status of which - alongside what was earned by her husband - was the biggest determinant of whether a women worked or not in Weimar Germany Marital Status
0%
A 1948 - 1951 package of American financial assistance to help rebuild Western Europe of which West Germany was the third largest recipient behind the UK and France Marshall Plan
0%
That, the principle economic impact of which was that it provided a stable economic environment for an already recovering economy Marshall Plan
0%
That the goals of which were to liberalise the international economy and to further political ties between the US and Western Europe against the backdrop of the Cold War Marshall Plan
0%
A skilled craftsman whom owns his own business Master
0%
Promissory notes issued to industry by government in the name of the fake 'Metallurgische Forschungsgesellschaft'' from 1933 to finance rearmament Mefo Bills
0%
Those two classes of women that were more stigmatised from work than others, instead having roles in charity and philanthropy, alphabetically Middle and Upper Class Women
0%
That class which became one of salaried professional rather than farmers and small business owners in West Germany Middle Class
0%
That class which grew frustrated during industrialisation by being caught between an unyielding elite and a growing number of workers Middle Class
0%
That class which prior to industrialisation was comprised of professionals and highly skilled craftsmen and artisans Middle Class
0%
Tenement housing, home to large numbers of the increasing number of workers, often being unsanitary and overcrowded, leading to epidemics Mietskaserne
0%
That group which formed the core of Nazi Party voters, in part due to opposition to department stores Mittelstand
0%
That group which rebounded after the Second World War by working with industry such as by servicing machines and providing services Mittelstand
0%
The lower middle class, such as shopkeepers and artisans Mittelstand
0%
The symbolic women's branch of the Nazi Party National Socialist Women's League
0%
The official name of the Nazi Party Nationalsozialistische Deutsche Arbeiterpartei
0%
That between the German Empire and UK that, due to most powers of taxation being held by the states, caused the government to resort to deficit financing and increased tariffs, leading to internal political tensions and a rise in the cost of goods Naval Arms Race
0%
The naval expansion programme under Tirpitz from 1897 that sought to exert world power, which helped create jobs and boost the economy, thereby garnering popular support except from the left Naval Laws
0%
That which was a more unifying factor due to it being the child of the German Empire as opposed to the army which remained dominated by Prussia Navy
0%
That period in which trade unions were abolished Nazi Germany
0%
That government one of the main goals of which in reemphasising traditional roles for women was to encourage marriage and childbearing to tackle the falling birth rate, and to reduce unemployment Nazi Germany
0%
The factor by which the number of cartels - legal and encouraged in Germany - increased from 1900 to 1908 Nearly Double
0%
The measure of GNP minus depreciation, which increased at an average rate of 1.84% between 1850 and 1873 Net National Product
0%
The 1934 plan by Hjalmar Schacht to reduce unemployment, control imports, and stimulate demand by imposing protectionist tariffs, restricting the movement of capital abroad, taking direct responsibility for the banking system, and increasing state spending New Plan
0%
The idealised view of women in Weimar Germany as being urbanised, financially independent, single, and sexually active New Weimar Woman
0%
The central banks of each of the German States, merged into the Reichsbank in 1876 with the exception of those in Baden, Bavaria, Saxony, and Württemberg Notenbanken
0%
That party which many conservatives and Junkers supports in the 1930's as they saw it as something that could be manipulated to their own ends, allowing them to restore the old order NSDAP
0%
That party which received 18.2% of the vote in 1930 and 37.3% of the vote in 1932, the latter making them the largest party NSDAP
0%
That party which made the most electoral gains in 1930 by areas dominated by small family farms NSDAP
0%
That 1917 event in Russia which inspired much socialist unrest in Germany October Revolution
0%
The two opposing camps in historiography in interpreting the effects on living conditions of industrialisation, in alphabetical order Optimists and Pessimists
0%
The individual who resigned as chancellor in 1890 under pressure from Wilhelm II and his increasing inability to manage German politics Otto von Bismarck
0%
A German Reichstag member during the Weimar period who argues against women's suffrage Paula Müller Otfried (1865 - 1946)
0%
That class which was vital to the interests and wealth of the Junkers Peasantry
0%
That which was in a standstill by 1914 due to the SDP Reichstag and Junker government failing to cooperate Politics
0%
That which increased in Germany from the mid-to-late 19th century due to improvements in medicine, sanitation, and public health Population
0%
That which saw an increase after the Second World War, allowing for the maintenance of a cheap labour force via the influx of eastern immigrants and refugees as well as Gastarbeiter Population
0%
That economic policy turned to by Bismarck in the 1870's in an effort to maintain agriculture and industry, threatened by cheap imports, while also gaining revenue for armaments and administration Protectionism
0%
That economic policy turned to by Bismarck in the 1870's in an effort to placate industrialists lobbying for tariffs in the depression and to maintain the agriculturally based power of the Junkers Protectionism
0%
A joint-stock company and notenbanken formed in 1847 with privately held capital but under state control and direction, becoming the Reichsbank together with all but four of the other German notenbanken Prussian Bank
0%
Those Germans whom initially overwhelmingly dominated by the German Empire's military, civil service, and state institutions Prussians
0%
That which happened regarding politics during the Great Depression Radicalisation
0%
The which the conservatives often saw the working class and SDP as being? Revolutionaries
0%
A powerful 1893 - 1945 cartel which controlled the output, markets, and prices within the coal industry Rhenish-Westphalian Coal Syndicate (RWKS)
0%
Workers who rented a bed rather than a room Schlafburschen
0%
The 1936 - 1939 Four Year Plan under Hermann Göring focussed on speeding up rearmament by increasing state supervision of the economy and moving away from consumer industries Second Four Year Plan
0%
The wave of technological growth from 1890 to 1914, focused on electricity, chemicals, engineering, and other new technologies Second Industrial Revolution
0%
An 1889 international association of socialist parties and trade unions that argues women due to their particular nature should be forbidden from night work Second Socialist International
0%
That event which caused Nazi Germany to relax restrictions on women in education and work (though not politics) due to manpower shortages and industrial necessity Second World War
0%
That period during which the German economy, particularly after 1941, was supported by the importation of raw materials and slave labour from conquered territories as well as reforms made under Armaments Minister Albert Speer Second World War
0%
The idea that men occupy a public role in work and politics separate to the private role of women in the home Separate Spheres
0%
That type of production that became predominant in Germany from the 1960's onward Services
0%
That sector of the economy which grew in West Germany relative to the others Service Sector
0%
That ideology which was seen to be reflected in the industrialised pasts of the German Empire Social Democracy
0%
That ideology to which most journeymen turned, against a background of increased competition from industry and reduced employability Social Democracy
0%
That party within which the main debate was as to whether socialism should be achieved through reform or revolution Social Democratic Party
0%
A party formed in 1875 to seek social equality which by 1912 was the largest party in the Reichstag Social Democratic Party
0%
That party which most workers supported before 1933 Social Democratic Party
0%
That party which grew along with the ideology of socialism in response to repression having alienated the working class, and protectionism having increased bread prices Social Democratic Party
0%
The movement of individuals, families, households, etc. between layers or classes of society Social Mobility
0%
A far-left movement led by Karl Liebknecht and Rosa Luxemburg that split from the SDP, becoming the Communist Party of Germany in 1918 Spartacus League
0%
Those social reforms including; basic health insurance, accident insurance, and rudimentary old age and disability pensions, introduced by Bismarck alongside anti-socialist laws to reduce SDP support State Socialism
0%
That which Bismarck introduced to reduce support for the SDP, though had the opposite effect by associating the existence of the SDP with further reforms State Socialism
0%
The industry in which Germany went from a net importer in 1850 to a net exporter in 1870 Steel
0%
A 1918 agreement between trade unions and industry that gave the former legal recognition and instituted an eight hour working day, much to the opposition of the latter Stinnes-Legien Agreement
0%
A Nazi organisation that encouraged increased holiday in lieu of pay rises Strength through Joy
0%
An 1879 act pushed through by the conservatives that; placed import duties on grain, iron, and steel, plus more products in subsequent years Tariff Act
0%
That 1879 act the political effect of which was that it divided the liberals between those accepting of such an instrument and those opposing whom broke away to form the Progressives, thus ending Bismarck's reliance on the liberals in favour of the conservatives and centre Tariff Act
0%
That which the Junkers successfully managed to impose on American and Russian grain imports in 1879 Tariffs
0%
That an increase in which helped fund the Weimar Republic's welfare reforms Taxes
0%
Those that were imposed more heavily on single men and childless couples in Nazi Germany Taxes
0%
A Nazi organisation that encouraged better working conditions for workers The Beauty of Labour
0%
That kind of labour association which was legally recognised in 1890 Trade Union
0%
Those labour associations that membership of increased in the Weimar Republic due to in large part to their newfound legal recognition Trade Unions
0%
Those the membership of which increased from 50,000 to 278,000 from 1877 to 1891? Trade Unions
0%
Those, the principal focus of which during the 1860's to 1890's was self help against the risks of sickness, disability, and accidents, as well as the provision of educational and leisure opportunities, only rarely becoming involved in organising strikes Trade Unions
0%
Those labour associations whose support was crucial to the success of the women's movement, where such success actually manifested Trade Unions
0%
The quasi-state formed in 1948 by the merger of the French occupation zone with Bizonia, becoming West Germany in 1949 Trizonia
0%
The winter of 1916 - 1917 when bad harvests and cold weather caused malnutrition in Germany's urban population Turnip Winter
0%
That which Nazi Germany went about addressing by initiating large infrastructure projects, and introducing compulsory labour schemes and conscription Unemployment
0%
That which increased to 29.9% of the working population during the Great Depression in 1932 Unemployment
0%
That, the official figures for which rose from 1.6 million in October 1929 to 6.1 million in February 1932 Unemployment
0%
Those countries that had the largest and second largest shares of world trade in 1900 United Kingdom and the German Empire
0%
The general direction of movement in real wages in West Germany Upwards
0%
The general trend in real wages in the German Empire after 1873 Upwards
0%
The trend in the standard of living and wages in the 1930's Upwards
0%
The trend in where people lived that occurred continuously from the German Empire to and through West Germany Urbanisation
0%
Those that increased in real terms in Weimar Germany due to collective agreements between workers and industry, until the finally fell again due to the Great Depression and the government's wish to combat collective bargaining Wages
0%
President of the Reichsbank and Minister of Economics (1938 - 1945) who acted largely under the direction of Hermann Göring and Adolf Hitler, being less opposed to rearmament that Hjalmar Schacht Walther Funk
0%
That, which 67% of industrial investment went towards preparing for under the second four year plan War
0%
That government under which social reform in the form of unemployment insurance, health insurance, and a huge house building programme to increase living conditions, was implemented Weimar Republic
0%
The German policy of the 1890's onward that sought to increase power overseas through military expansion, economic hegemony, and territorial/colonial expansion Weltpolitik
0%
That type of work which saw an increase due to increases in the service sector, the Second Industrial Revolution, and the growth in civil government White-Collar Work
0%
That group - often undertaking office or clerical work - that earned an average of 4151 marks in 1900? White Collar Workers
0%
That group that constituted 4.7% and 10.7% of the workforce in 1882 and 1907 respectively? White-Collar Workers
0%
That type of worker which constituted 25% of Nazi Party members from 1928 to 1933 White-Collar Workers
0%
That group which has largely succeeded the social position of artisans White-Collar Workers
0%
Those two social groups whom saw a rise in prominence in the 19th and 20th centuries in alphabetical order White-Collar Workers and the Working Class
0%
That demographic which most benefited from the growth in white-collar work, as their opposite number were needed in the military and heavy industry Women
0%
That demographic which by 1980 was over-represented in part-time work and under-represented in management and PHD and MD level work Women
0%
Those individuals whose wages increased relative to their opposite number during the First World War Women
0%
That demographic which in Nazi Germany were viewed as having the roles of domestic wives and mothers, separate from the world of work, whose role it was to support her husband, home, and family Women
0%
That demographic which filled many jobs during the First World War until removed by law at the war's end to the anger of many socialist proponents Women
0%
That demographic which most commonly supported Catholic and middle class parties Women
0%
That movement which was weak due to being divided over how to go about justifying and achieving its proponents rights, with socialists promoting an economic basis and liberals a legal and political one Women's Movement
0%
An 1891 act that reduced working hours for women and those under 16 and granted maternity leave of 8 weeks (2 before birth) among other things, so as to make work easier for women while also promoting their traditional roles ad mothers in the home Workers Protection Act
0%
That class which along with trade unions gained greater bargaining power during the First World War via the threat and use of strikes and unrest Working Class
0%
That class of women which was most heavily affected by the 1943 labour draft Working Class
0%
That class that suffered the most from unemployment during the Great Depression, though middle class businessmen and shopkeepers suffered also Working Class
0%
That, which generally improved in Nazi Germany due to better ventilation, food, and the encouragement of leisure activities, though many legal-rights were removed and average working hours increased Working Conditions
0%
A 1930 revised plan for German reparations payments that reduced the amount to be paid and saw the occupation of the Ruhr end Young Plan
0%
No matching quizzes found
Score Distribution
Percent of People with Each Score
Percentile by Number Answered
Your Score History
You have not taken this quiz